| 000 | 00487cam a2200193ua 4500 | ||
|---|---|---|---|
| 001 | 6853 | ||
| 008 | 140307n ii |||gr||||Z||||||eng | ||
| 020 | _a81-272-2727-7 | ||
| 040 | _cMAIN | ||
| 082 | _a658 | ||
| 245 |
_aBusiness studies _cBy R.K. Sharma |
||
| 260 |
_aLudhiana: _bKalyani publishers, _c2006. |
||
| 300 | _ax,324p. | ||
| 653 | _aGeneral management | ||
| 653 | _aBusiness studies | ||
| 700 |
_aSharma,R.K., _eAuthor., |
||
| 700 |
_aGupta,Shashi K., _eAuthor. |
||
| 942 | _cBK | ||
| 999 |
_c6000 _d6000 |
||